Playthings as learning tools : a parent's guide /

Bibliographic Details
Main Author: Isenberg, Joan P., 1941-
Other Authors: Jacobs, Judith E., 1943-
Format: Book
Language:English
Published: New York : Wiley, [1982]
Series:Wiley parent education series.
Subjects:

MARC

Tag First Indicator Second Indicator Subfields
LEADER 00000pam a2200000 a 4500
001 in00000091276
005 20150923131610.0
008 810812s1982 nyua b 00010 eng
010 |a  81013121  
020 |a 0471090425 :  |c $7.95 (est.) 
035 |a (OCoLC)07740208 
035 |9 AAK6868AM 
039 0 |a 2  |b 3  |c 3  |d 3  |e 3 
040 |a DLC  |c DLC  |d TXA  |d UtOrBLW 
049 |a TXAM  |c [388575] 
050 0 0 |a HQ782  |b  I79 1982 
082 0 |a 155.4/18  |2 19 
100 1 |a Isenberg, Joan P.,  |d 1941- 
245 1 0 |a Playthings as learning tools :  |b a parent's guide /  |c Joan P. Isenberg and Judith E. Jacobs. 
264 1 |a New York :  |b Wiley,  |c [1982] 
264 4 |c ©1982 
300 |a 176 pages :  |b illustrations ;  |c 23 cm. 
336 |a text  |b txt  |2 rdacontent 
337 |a unmediated  |b n  |2 rdamedia 
338 |a volume  |b nc  |2 rdacarrier 
490 1 |a Wiley parent education series 
504 |a Includes bibliographies. 
650 0 |a Play. 
650 0 |a Child development. 
650 0 |a Educational games. 
650 0 |a Educational toys. 
700 1 |a Jacobs, Judith E.,  |d 1943- 
830 0 |a Wiley parent education series. 
999 |a MARS 
999 f f |s 763b1896-c5b6-3ed5-a933-7d1c87eb3b7c  |i 0cbf30ea-0167-3b88-9835-e2fcab9e4d8b  |t 0 
952 f f |p ric  |a Texas A&M University  |b Rellis Campus  |c Joint Library Facility  |s JLF  |d Remote Storage  |t 0  |e HQ782 I79 1982  |h Library of Congress classification  |i unmediated -- volume  |m A14806008396 
998 f f |a HQ782 I79 1982  |t 0  |l Remote Storage